<?xml version="1.0" encoding="UTF-8"?>
<record
    xmlns:xsi="http://www.w3.org/2001/XMLSchema-instance"
    xsi:schemaLocation="http://www.loc.gov/MARC21/slim http://www.loc.gov/standards/marcxml/schema/MARC21slim.xsd"
    xmlns="http://www.loc.gov/MARC21/slim">

  <leader>00787nam a22001697a 4500</leader>
  <datafield tag="010" ind1=" " ind2=" ">
    <subfield code="a">B-755724</subfield>
  </datafield>
  <datafield tag="020" ind1=" " ind2=" ">
    <subfield code="a">9789391186418</subfield>
    <subfield code="c">350.00</subfield>
  </datafield>
  <datafield tag="035" ind1=" " ind2=" ">
    <subfield code="a">B-755724</subfield>
  </datafield>
  <datafield tag="082" ind1=" " ind2=" ">
    <subfield code="2">2021</subfield>
    <subfield code="a">820.08</subfield>
    <subfield code="b">1</subfield>
  </datafield>
  <datafield tag="100" ind1=" " ind2=" ">
    <subfield code="a">&#x92A;&#x902;&#x915;&#x91C; , &#x917;&#x93F;&#x930;&#x940;&#x936; </subfield>
    <subfield code="9">55574</subfield>
  </datafield>
  <datafield tag="245" ind1=" " ind2=" ">
    <subfield code="a">&#x930;&#x93E;&#x937;&#x94D;&#x91F;&#x94D;&#x930; &#x914;&#x930; &#x930;&#x93E;&#x937;&#x94D;&#x91F;&#x94D;&#x930;&#x935;&#x93E;&#x926; /</subfield>
    <subfield code="c">&#x917;&#x93F;&#x930;&#x940;&#x936; &#x92A;&#x902;&#x915;&#x91C; </subfield>
  </datafield>
  <datafield tag="260" ind1=" " ind2=" ">
    <subfield code="a">&#x928;&#x94B;&#x907;&#x921;&#x93E;</subfield>
    <subfield code="b">&#x907;&#x902;&#x921;&#x93F;&#x92F;&#x93E; &#x928;&#x947;&#x91F;&#x94D;&#x92C;&#x942;&#x915;&#x94D;&#x938; &#x92A;&#x94D;&#x930;&#x93E;&#x907;&#x935;&#x947;&#x91F; &#x932;&#x93F;&#x92E;&#x93F;&#x91F;&#x947;&#x921; </subfield>
    <subfield code="c">2021</subfield>
  </datafield>
  <datafield tag="270" ind1=" " ind2=" ">
    <subfield code="a">&#x938;&#x940; 122, &#x938;&#x947;&#x915;&#x94D;&#x91F;&#x930; 19,</subfield>
    <subfield code="b">&#x928;&#x949;&#x90F;&#x921;&#x93E; </subfield>
    <subfield code="e">201301</subfield>
  </datafield>
  <datafield tag="300" ind1=" " ind2=" ">
    <subfield code="a">188&#x92A;&#x943;.</subfield>
    <subfield code="b">21&#x938;&#x947;&#x92E;&#x940; (&#x905;&#x91C;&#x93F;&#x932;&#x94D;&#x926;)</subfield>
  </datafield>
  <datafield tag="942" ind1=" " ind2=" ">
    <subfield code="2">ddc</subfield>
    <subfield code="c">HN</subfield>
    <subfield code="e">2021</subfield>
    <subfield code="h">820.08</subfield>
    <subfield code="m">&#x92A;&#x902;&#x915;&#x91C; </subfield>
  </datafield>
  <datafield tag="999" ind1=" " ind2=" ">
    <subfield code="c">197668</subfield>
    <subfield code="d">197668</subfield>
  </datafield>
  <datafield tag="952" ind1=" " ind2=" ">
    <subfield code="0">0</subfield>
    <subfield code="1">0</subfield>
    <subfield code="4">0</subfield>
    <subfield code="7">0</subfield>
    <subfield code="8">NFIC</subfield>
    <subfield code="a">ZLS</subfield>
    <subfield code="b">ZLS</subfield>
    <subfield code="d">2023-08-29</subfield>
    <subfield code="e">&#x909;&#x92A;&#x939;&#x93E;&#x930;/23.8.23</subfield>
    <subfield code="g">350.00</subfield>
    <subfield code="l">0</subfield>
    <subfield code="o">820.08 &#x92A;&#x902;&#x915;&#x91C; </subfield>
    <subfield code="p">B-755724</subfield>
    <subfield code="r">2023-08-29 00:00:00</subfield>
    <subfield code="t">1</subfield>
    <subfield code="v">350.00</subfield>
    <subfield code="w">2023-08-29</subfield>
    <subfield code="y">HN</subfield>
  </datafield>
</record>
